| 000 | 00351nam a2200133Ia 4500 | ||
|---|---|---|---|
| 008 | 240624s9999 xx 000 0 und d | ||
| 041 | _aeng | ||
| 082 | _a828 KAB | ||
| 100 | _aKABIR NASREEN MUNNI | ||
| 245 | _aCONVERSATIONS WITH WAHEEDA REHMAN | ||
| 260 |
_c2014 _aNew Delhi _bPenguin Viking |
||
| 300 | _axv, : 227 : p. : cm. ; 23 | ||
| 365 |
_cRS _b25 |
||
| 999 |
_c23662 _d23662 |
||